Ozdravovacie a reštrukturalizačné procesy v podnikovej základni

Reštrukturalizácia v histórii Slovenska. Pojem reštrukturalizácia. Porovnanie rozdielov medzi konkurzom a reštrukturalizáciou. Reštrukturalizačný posudok. Dohľad nad reštrukturalizáciou.

Salvato in:
Dettagli Bibliografici
Autore principale: Križo, Pavol
Natura: Capitolo di libro
Lingua:slovacco
Soggetti:
Tags: Aggiungi Tag
Nessun Tag, puoi essere il primo ad aggiungerne!!

MARC

LEADER 00000naa a2200000 4500
001 0250644
005 20220718123937.5
041 0 |a slo 
044 |a SK 
245 1 0 |a Ozdravovacie a reštrukturalizačné procesy v podnikovej základni  |c Pavol Križo 
520 |a Reštrukturalizácia v histórii Slovenska. Pojem reštrukturalizácia. Porovnanie rozdielov medzi konkurzom a reštrukturalizáciou. Reštrukturalizačný posudok. Dohľad nad reštrukturalizáciou. 
610 2 0 |a Slovensko 
610 2 0 |a reštrukturalizácia 
610 2 0 |a konkurzy 
610 2 0 |a bankrot 
610 2 0 |a podnik 
610 2 0 |a história 
610 2 0 |a úpravy právne 
100 1 |a Križo, Pavol